Vápněním k vyšším výnosům

Bibliographic Details
Main Author: Komberec, Stanislav (Author)
Format: Article
Language:Slovak
Czech
PhysicalDescription:Tb. 1.
Subjects:

MARC

LEADER 00000nab a2200000 a 4500
001 vtls000107216
003 SK-MaSNL
005 20260304051058.0
008 250422c1982 xo 0 slo
015 |a SNBRB19rr/mm-uuuuu 
035 |a CL0117319 
035 |a urn:nbn:sk:snk-ab2m0s 
035 |a (urnnbn)urn:nbn:sk:snk:ar-a02mou 
035 |a (uuid)a64b00da-fab1-4572-a444-bff8a93a29e6 
040 |a SNKBUCL  |b slo  |c SNKBUCL  |e AACR2 
041 0 |a cze 
044 |a xo  |c SK 
080 |a 631.8  |2 1981 
100 1 |a Komberec, Stanislav  |4 aut  |9 1123848 
245 1 0 |a Vápněním k vyšším výnosům  |c Stanislav Komberec 
300 |b Tb. 1. 
650 0 7 |a hnojivá vápenaté  |2 snkbucl  |9 925280 
655 7 |a články z novín a časopisov  |2 snkbucl  |9 267496 
773 0 |t Ekonomika poľnohospodárstva  |g Roč. 21, č. 1 (1982), s. 31-32 
850 |a Slovenská národná knižnica 
852 |a Slovenská národná knižnica 
954 |a odborná, vedecká literatúra cudzojazyčná (svetová)  |2 lita 
958 |a article27 
958 |a RK 
958 |a CZ 
958 |a OND 
958 |a EUIPO 
992 |a RBX 
999 |c 2701770  |d 2703700